Prověrky skladeb pro Československou spartakiádu 1975

Bibliographic Details
Format: Book
Language:Czech
PhysicalDescription:11, [1] s. 4°
Published: Praha Olympia ÚV ČSTV 1975
Series:Československá spartakiáda 1975
Subjects:

MARC

LEADER 00000nam a2200000 a 4500
001 vtls010599790
003 SK-MaSNL
005 20260301133802.0
008 210928s1975 xr 000 0 cze
040 |a SNK  |b slo  |c SNK  |e AACR2 
041 0 |a cze 
044 |a xr  |c CZ 
080 |a 796.092(437)  |2 1981 
245 0 0 |a Prověrky skladeb pro Československou spartakiádu 1975 
260 |a Praha  |b Olympia  |b ÚV ČSTV  |c 1975 
300 |a 11, [1] s.  |c 4° 
490 1 |a Československá spartakiáda 1975 
611 1 7 |a Československá spartakiáda  |d (1975 :  |c Praha, Česko)  |2 SNK  |9 250532 
655 7 |a pokyny  |2 SNK  |9 70685 
830 0 |a Československá spartakiáda 1975  |9 486747 
958 |a OND 
999 |c 754739  |d 756669 
952 |a SNK  |b SNK  |y PREZ  |7 0  |p 17A0920358  |o snkSB 21766  |i snkKIP 2149/75  |0 0  |1 0  |4 0  |d 2014-05-29  |f 1  |l 0  |r 2025-03-25 00:00:00  |w 2026-02-23 
952 |a SNK  |b SNK  |y VYP  |7 0  |o snkSB 21766 D1  |i snkKIP 2150/75  |0 0  |1 0  |4 0  |d 2014-05-29  |l 0  |r 2026-02-23 23:45:26  |w 2026-02-23